[Event "ITA-ch Seniors 35th"]
[Site "Arco"]
[Date "2013.04.14"]
[Round "3"]
[White "Perich, Stefano"]
[Black "Laco, Giuseppe"]
[Result "0-1"]
[WhiteElo "1890"]
[BlackElo "2073"]
[PlyCount "118"]
[EventDate "2013.04.12"]
[EventType "swiss"]
[EventRounds "9"]
[EventCountry "ITA"]
[SourceTitle "CBM 154 Extra"]
[Source "ChessBase"]
[SourceDate "2013.06.25"]
[SourceVersion "2"]
[SourceVersionDate "2013.06.25"]
[SourceQuality "1"]

1. Nf3 f5 2. b3 Nf6 3. Bb2 e6 4. g3 b5 5. Bg2 Bb7 6. d3 Be7 7. 0-0 0-0 8. a4 b4 9. Nbd2 a5 10. Re1 Nd5 11. e4 Nc3 12. Bxc3 bxc3 13. Nc4 fxe4 14. dxe4 Bc5 15. Qd3 d6 16. Red1 Qe7 17. Ne3 Bb4 18. Ne1 Nd7 19. f4 Ba6 20. Nc4 Nb6 21. Kh1 Rad8 22. Qd4 Bxc4 23. bxc4 e5 24. Qf2 Nxc4 25. f5 Nb2 26. Rdb1 Qe8 27. Nd3 Nxd3 28. cxd3 c5 29. Rf1 Qh5 30. Qe3 Rf6 31. Bf3 Qh3 32. Bg2 Qh6 33. Qxh6 Rxh6 34. Bf3 g5 35. Bd1 Rf6 36. Bb3+ Kf8 37. g4 Ke7 38. Kg2 Rh6 39. Kg3 Rf8 40. Rf2 Rff6 41. Raf1 Rh4 42. Bd1 Ba3 43. Bb3 Kf8 44. Bc4 Rfh6 45. Rh1 Kg7 46. h3 Rf6 47. Rb1 Bb4 48. Rh1 h5 49. Rfh2 Rh6 50. Bb3 Ba3 51. Bc2 Kf6 52. Bb3 Rh8 53. Bc2 Rb8 54. Rb1 Bb2 55. Bd1 Rb4 56. gxh5 c4 57. Bc2 cxd3 58. Bxd3 Rxa4 59. Rc2 Rd4 0-1

[Event "Arco Christmas op 3rd"]
[Site "Arco"]
[Date "2012.12.29"]
[Round "6"]
[White "Perich, Stefano"]
[Black "Dappiano, Andrea"]
[Result "1/2-1/2"]
[WhiteElo "1870"]
[BlackElo "2183"]
[PlyCount "98"]
[EventDate "2012.12.26"]
[EventType "swiss"]
[EventRounds "7"]
[EventCountry "ITA"]
[SourceTitle "CBM 152 Extra"]
[Source "ChessBase"]
[SourceDate "2013.02.25"]
[SourceVersion "1"]
[SourceVersionDate "2013.02.25"]
[SourceQuality "1"]

1. g3 e5 2. Bg2 Nc6 3. e4 g6 4. d3 Bg7 5. c3 Nge7 6. Ne2 0-0 7. 0-0 d6 8. Be3 Be6 9. h3 Qd7 10. Kh2 f5 11. f4 d5 12. Qc2 d4 13. Bg1 fxe4 14. Bxe4 Bxh3 15. Rf2 Bf5 16. cxd4 exd4 17. Nd2 Bxe4 18. Nxe4 Nf5 19. Rf3 Nd6 20. Kg2 Nxe4 21. dxe4 Kh8 22. a3 Rad8 23. Rd1 Qe6 24. Qd3 Rd7 25. b4 a6 26. e5 Rfd8 27. Qe4 Qa2 28. Rfd3 a5 29. R1d2 Qc4 30. bxa5 Nxa5 31. e6 Qd5 32. Qxd5 Rxd5 33. Bxd4 Bxd4 34. Rxd4 Rxd4 35. Rxd4 Rxd4 36. Nxd4 Kg7 37. g4 Kf6 38. f5 gxf5 39. gxf5 c5 40. Nb5 Nc6 41. Nd6 b6 42. Kf3 Ke5 43. Nc8 Nd4+ 44. Kf2 Nxf5 45. e7 Ng7 46. Nxb6 Kd6 47. a4 Kc6 48. a5 Ne8 49. Nc4 Kd5 1/2-1/2

[Event "Arco op 34th"]
[Site "Arco"]
[Date "2012.10.19"]
[Round "7"]
[White "Perich, Stefano"]
[Black "Gulinelli, Euro"]
[Result "1/2-1/2"]
[WhiteElo "1871"]
[BlackElo "1637"]
[PlyCount "31"]
[EventDate "2012.10.13"]
[EventType "swiss"]
[EventRounds "9"]
[EventCountry "ITA"]
[SourceTitle "EXT 2013"]
[Source "ChessBase"]
[SourceDate "2012.11.22"]
[SourceVersion "1"]
[SourceVersionDate "2012.11.22"]
[SourceQuality "1"]

1. f4 Nf6 2. d4 g6 3. Nc3 Bg7 4. e4 d6 5. Nf3 0-0 6. Be2 Bg4 7. h3 Bxf3 8. Bxf3 c6 9. 0-0 Nbd7 10. e5 Ne8 11. Ne4 Qb6 12. Kh2 d5 13. Nf2 e6 14. c3 Nc7 15. Qd2 Qb5 16. Nd3 1/2-1/2

[Event "Wch Seniors 20th"]
[Site "Arco"]
[Date "2010.11.04"]
[Round "9"]
[White "Perich, Stefano"]
[Black "Stull, Norbert"]
[Result "0-1"]
[WhiteElo "1952"]
[BlackElo "2110"]
[PlyCount "64"]
[EventDate "2010.10.26"]
[EventType "swiss"]
[EventRounds "11"]
[EventCountry "ITA"]
[SourceTitle "EXT 2012"]
[Source "ChessBase"]
[SourceDate "2011.11.24"]
[SourceVersion "1"]
[SourceVersionDate "2011.11.24"]
[SourceQuality "1"]

1. Nf3 Nf6 2. d4 g6 3. Bf4 Bg7 4. h3 0-0 5. e3 d6 6. Bd3 c5 7. c3 b6 8. Qe2 Bb7 9. e4 cxd4 10. cxd4 Nc6 11. Nbd2 Nxd4 12. Nxd4 e5 13. Be3 exd4 14. Bxd4 Nxe4 15. Bxg7 Kxg7 16. Bxe4 d5 17. 0-0-0 dxe4 18. Nxe4 Qc7+ 19. Nc3 Bxg2 20. Rhg1 Qf4+ 21. Qd2 Qxd2+ 22. Rxd2 Bxh3 23. f3 Rac8 24. Kb1 Rfd8 25. Rh2 Bf5+ 26. Ka1 Rd3 27. Rgh1 h5 28. Rg1 Kh6 29. Rf1 b5 30. Nxb5 Rxf3 31. Re1 Re3 32. Rg1 Rce8 0-1

[Event "Wch Seniors 20th"]
[Site "Arco"]
[Date "2010.10.28"]
[Round "3"]
[White "Perich, Stefano"]
[Black "Luebbers, Doris"]
[Result "1/2-1/2"]
[WhiteElo "1952"]
[BlackElo "1607"]
[PlyCount "66"]
[EventDate "2010.10.26"]
[EventType "swiss"]
[EventRounds "11"]
[EventCountry "ITA"]
[SourceTitle "EXT 2011"]
[Source "ChessBase"]
[SourceDate "2010.11.26"]
[SourceVersion "1"]
[SourceVersionDate "2010.11.26"]
[SourceQuality "1"]

1. f4 d5 2. b3 Nf6 3. Nf3 e6 4. Bb2 Be7 5. e3 a6 6. Be2 b5 7. 0-0 0-0 8. Ne5 Bb7 9. d3 c5 10. Nd2 Nc6 11. Nxc6 Bxc6 12. Qe1 Nd7 13. Rf3 f5 14. Rh3 Bf6 15. d4 Qe7 16. Nf3 g6 17. Ne5 Bxe5 18. fxe5 Rf7 19. Qg3 Rg7 20. Qe1 a5 21. Bc3 b4 22. Bd2 Rb8 23. a4 Nf8 24. Qf1 Qa7 25. Qf2 Qe7 26. Rf1 Be8 27. Qe1 Rc8 28. Bd1 Rc7 29. Rhf3 Rf7 30. Qe2 Qd7 31. Be1 Qc8 32. h4 h5 33. Rg3 Kh7 1/2-1/2

[Event "Arco op 30th"]
[Site "Arco"]
[Date "2008.10.23"]
[Round "6"]
[White "Perich, Stefano"]
[Black "Castellano, Alfonso"]
[Result "1-0"]
[WhiteElo "1960"]
[BlackElo "1967"]
[PlyCount "109"]
[EventDate "2008.10.18"]
[EventType "swiss"]
[EventRounds "9"]
[EventCountry "ITA"]
[SourceTitle "CBM 127 Extra"]
[Source "ChessBase"]
[SourceDate "2009.01.08"]
[SourceVersion "2"]
[SourceVersionDate "2009.01.28"]
[SourceQuality "1"]

1. d4 Nf6 2. Nf3 g6 3. c4 Bg7 4. Nc3 d6 5. e4 0-0 6. h3 e5 7. d5 a5 8. Be2 Na6 9. Be3 Nc5 10. Nd2 b6 11. Qc2 Bd7 12. Nb3 Ne8 13. g4 f5 14. gxf5 gxf5 15. Nxc5 dxc5 16. 0-0-0 f4 17. Bd2 Nd6 18. Rdg1 Kh8 19. Qd3 Qf6 20. Bg4 Be8 21. Be6 a4 22. h4 Rb8 23. Rh2 Bh6 24. Rhg2 Bg6 25. h5 Bf7 26. Bxf7 Qxf7 27. Nxa4 Qe8 28. Nc3 b5 29. cxb5 Nxb5 30. Nxb5 Rxb5 31. f3 Rb8 32. Bc3 Qe7 33. Qa6 Rb6 34. Qc4 Qd6 35. Be1 Rfb8 36. b3 Ra6 37. Bc3 Raa8 38. Kb1 Rg8 39. a4 Rxg2 40. Rxg2 Bg7 41. a5 Bf6 42. Qb5 Qa6 43. Qxa6 Rxa6 44. Kc2 Bg7 45. Kd3 Rh6 46. Rh2 Kg8 47. Kc4 Kf7 48. Kb5 Rd6 49. Kxc5 Kf6 50. Kb5 Bf8 51. Bb4 Rd8 52. Bxf8 Rxf8 53. Kc6 Ra8 54. b4 Rb8 55. b5 1-0

[Event "Arco op 29th"]
[Site "Arco"]
[Date "2007.10.20"]
[Round "1"]
[White "Aagaard, Jacob"]
[Black "Perich, Stefano"]
[Result "1-0"]
[WhiteElo "2535"]
[BlackElo "1995"]
[PlyCount "75"]
[EventDate "2007.10.20"]
[EventType "swiss"]
[EventRounds "9"]
[EventCountry "ITA"]
[SourceTitle "CBM 120 Extra"]
[Source "ChessBase"]
[SourceDate "2007.11.01"]
[SourceVersion "1"]
[SourceVersionDate "2007.11.01"]
[SourceQuality "1"]

1. d4 d5 2. Bf4 Nf6 3. e3 e6 4. c3 Bd6 5. Bg3 b6 6. Nd2 0-0 7. Ngf3 Ba6 8. c4 Ne4 9. Qb3 Nxd2 10. Nxd2 dxc4 11. Nxc4 Bxg3 12. hxg3 Qd5 13. g4 g6 14. Rc1 c5 15. dxc5 Qxc5 16. Rc3 Rd8 17. f4 Qe7 18. Ne5 Bxf1 19. Kxf1 f6 20. Nf3 Nd7 21. Qc2 Nf8 22. Kf2 Rd7 23. Rd1 Rxd1 24. Qxd1 Rd8 25. Qc2 h6 26. a3 Qd6 27. Rc6 Qd5 28. Rc4 Qd3 29. Qxd3 Rxd3 30. Ke2 Rd7 31. Rc8 g5 32. g3 Kf7 33. Nd4 Ng6 34. f5 exf5 35. gxf5 Ne7 36. Ra8 Rb7 37. Ne6 Nc6 38. Rc8 1-0

[Event "Arco op 28th"]
[Site "Arco"]
[Date "2006.10.28"]
[Round "8"]
[White "Perich, Stefano"]
[Black "Del Nevo, Claudio"]
[Result "1/2-1/2"]
[WhiteElo "1998"]
[BlackElo "1917"]
[PlyCount "45"]
[EventDate "2006.10.21"]
[EventType "swiss"]
[EventRounds "9"]
[EventCountry "ITA"]
[SourceTitle "EXT 2024"]
[Source "ChessBase"]
[SourceDate "2023.10.10"]
[SourceVersion "1"]
[SourceVersionDate "2023.10.10"]
[SourceQuality "1"]

1. e4 d6 2. d4 Nf6 3. Bd3 g6 4. Bf4 Bg7 5. Nf3 0-0 6. Qe2 c6 7. 0-0 Nbd7 8. Kh1 b5 9. a4 bxa4 10. Rxa4 a5 11. Be3 Bb7 12. Nbd2 Qc7 13. Rfa1 Ra7 14. Nb3 Rfa8 15. Bd2 c5 16. Rxa5 Rxa5 17. Rxa5 Rxa5 18. Bxa5 Qc6 19. d5 Qc8 20. c4 Qb8 21. Bc3 Bxd5 22. exd5 Qxb3 23. Bc2 1/2-1/2

[Event "Arco op 28th"]
[Site "Arco"]
[Date "2006.10.26"]
[Round "6"]
[White "Perich, Stefano"]
[Black "Schrott, Ernst"]
[Result "1/2-1/2"]
[WhiteElo "1994"]
[BlackElo "2070"]
[PlyCount "59"]
[EventDate "2006.10.21"]
[EventType "swiss"]
[EventRounds "9"]
[EventCountry "ITA"]
[SourceTitle "EXT 2007"]
[Source "ChessBase"]
[SourceDate "2006.11.23"]
[SourceVersion "1"]
[SourceVersionDate "2006.11.23"]
[SourceQuality "1"]

1. d4 Nf6 2. Nf3 g6 3. g3 b5 4. Bg2 Bb7 5. 0-0 Bg7 6. a4 b4 7. c4 0-0 8. Nbd2 c5 9. d5 d6 10. Rb1 e5 11. e4 Bc8 12. b3 Nh5 13. Ne1 f5 14. f3 Bh6 15. Qe2 Qg5 16. Rf2 Qe7 17. Nf1 f4 18. g4 Ng7 19. Nd2 Bg5 20. Rb2 a5 21. Bf1 Bh4 22. Rg2 Kf7 23. Nd3 Ke8 24. Nb1 Ra7 25. Bd2 Qf6 26. Be1 Bg5 27. Qf2 Qd8 28. h4 Be7 29. Rh2 Rg8 30. Bg2 1/2-1/2

[Event "Arco op 28th"]
[Site "Arco"]
[Date "2006.10.24"]
[Round "4"]
[White "Perich, Stefano"]
[Black "Savarese, Vincenzo"]
[Result "1-0"]
[WhiteElo "1998"]
[BlackElo "1865"]
[PlyCount "69"]
[EventDate "2006.10.21"]
[EventType "swiss"]
[EventRounds "9"]
[EventCountry "ITA"]
[SourceTitle "EXT 2007"]
[Source "ChessBase"]
[SourceDate "2006.11.23"]
[SourceVersion "1"]
[SourceVersionDate "2006.11.23"]
[SourceQuality "1"]

1. d4 d5 2. Nf3 Nf6 3. c3 c5 4. Bf4 e6 5. e3 Nc6 6. Be2 Qb6 7. Qb3 Be7 8. h3 0-0 9. Nbd2 cxd4 10. exd4 Na5 11. Qxb6 axb6 12. 0-0 Bd7 13. Bc7 Nc4 14. Nxc4 dxc4 15. Bxb6 Rfc8 16. Ne5 Ra6 17. Bc5 Bxc5 18. dxc5 Rxc5 19. Nxc4 Bb5 20. b3 Nd5 21. Rfc1 Ra8 22. Bf1 Rac8 23. Nd6 Bxf1 24. Nxc8 Bxg2 25. Kxg2 Rxc8 26. c4 Nf4+ 27. Kh2 Nd3 28. Rc2 e5 29. Rd1 Nc5 30. Rcd2 Ne6 31. Rd7 b5 32. cxb5 g6 33. b6 Nd4 34. b7 Rb8 35. Rc1 1-0

[Event "Arco op 27th"]
[Site "Arco"]
[Date "2005.10.24"]
[Round "3"]
[White "Perich, Stefano"]
[Black "Romagnoli, Roberto"]
[Result "0-1"]
[WhiteElo "2003"]
[BlackElo "2139"]
[PlyCount "79"]
[EventDate "2005.10.22"]
[EventType "swiss"]
[EventRounds "9"]
[EventCountry "ITA"]
[SourceTitle "EXT 2006"]
[Source "ChessBase"]
[SourceDate "2005.11.24"]
[SourceVersion "1"]
[SourceVersionDate "2005.11.24"]
[SourceQuality "1"]

1. f4 d5 2. Nf3 Nf6 3. b3 c5 4. Bb2 e6 5. g3 Nc6 6. Bg2 Bd6 7. e3 0-0 8. 0-0 Rb8 9. Qe2 Re8 10. Ne5 Bd7 11. d3 g6 12. g4 Rf8 13. c4 dxc4 14. dxc4 Bxe5 15. fxe5 Ne8 16. Nd2 Qc7 17. Nf3 Ng7 18. Qf2 Nb4 19. Rfd1 Bc6 20. Ng5 Bxg2 21. Qxg2 Rbd8 22. Ne4 Rxd1+ 23. Rxd1 Rd8 24. Rxd8+ Qxd8 25. Nd6 Qh4 26. Qf3 h5 27. Qxf7+ Kh7 28. Ne8 Qe1+ 29. Kg2 Qe2+ 30. Kh1 Qd1+ 31. Kg2 Qxg4+ 32. Kh1 Qe4+ 33. Kg1 Qxe3+ 34. Kg2 Qe4+ 35. Kg1 Qb1+ 36. Kg2 Qxb2+ 37. Kf3 Qc3+ 38. Kg2 Qd2+ 39. Kg3 Qe3+ 40. Kg2 0-1

[Event "Arco op 25th"]
[Site "Arco"]
[Date "2003.10.25"]
[Round "8"]
[White "Perich, Stefano"]
[Black "Giurato, Sergio"]
[Result "1-0"]
[WhiteElo "1984"]
[BlackElo "2029"]
[PlyCount "107"]
[EventDate "2003.10.18"]
[EventType "swiss"]
[EventRounds "9"]
[EventCountry "ITA"]
[SourceTitle "EXT 2004"]
[Source "ChessBase"]
[SourceDate "2003.11.25"]
[SourceVersion "1"]
[SourceVersionDate "2003.11.25"]
[SourceQuality "1"]

1. d4 Nf6 2. Nf3 e6 3. g3 d5 4. Bg2 Be7 5. 0-0 0-0 6. b3 b6 7. c4 Bb7 8. Bb2 dxc4 9. bxc4 c5 10. e3 Nbd7 11. Nc3 cxd4 12. exd4 Rc8 13. Qe2 Qc7 14. Nd2 Bxg2 15. Kxg2 Rfd8 16. Rac1 Qb7+ 17. f3 Qa6 18. a3 Bf8 19. f4 g6 20. Rfd1 Bg7 21. Kg1 Qb7 22. Nf3 Qa6 23. Nb5 Nf8 24. Ne5 Qb7 25. h3 a6 26. Nc3 N6d7 27. Ne4 Nf6 28. Nd2 Rc7 29. Kh2 N8d7 30. Re1 Nxe5 31. fxe5 Ne8 32. Ne4 Rcd7 33. Rc2 Rxd4 34. Bxd4 Rxd4 35. Nf2 Bf8 36. Rc3 h5 37. Rd1 Qd7 38. Rcd3 Rxd3 39. Qxd3 Qxd3 40. Rxd3 Bg7 41. Re3 Kf8 42. Kg2 Ke7 43. Kf3 Kd7 44. Ke4 Bf8 45. a4 Kc6 46. Nd3 f5+ 47. exf6 Nd6+ 48. Kf3 Nxc4 49. Rxe6+ Kd7 50. Re1 Bd6 51. f7 Nd2+ 52. Kg2 b5 53. axb5 axb5 54. Re8 1-0

[Event "Arco op 25th"]
[Site "Arco"]
[Date "2003.10.23"]
[Round "6"]
[White "Stull, Norbert"]
[Black "Perich, Stefano"]
[Result "1/2-1/2"]
[WhiteElo "2114"]
[BlackElo "1984"]
[PlyCount "69"]
[EventDate "2003.10.18"]
[EventType "swiss"]
[EventRounds "9"]
[EventCountry "ITA"]
[SourceTitle "EXT 2004"]
[Source "ChessBase"]
[SourceDate "2003.11.25"]
[SourceVersion "1"]
[SourceVersionDate "2003.11.25"]
[SourceQuality "1"]

1. d4 d5 2. c4 e6 3. Nc3 c6 4. e4 dxe4 5. Nxe4 Nf6 6. Nxf6+ Qxf6 7. Nf3 Bb4+ 8. Bd2 Bxd2+ 9. Qxd2 Nd7 10. Bd3 0-0 11. 0-0 e5 12. dxe5 Nxe5 13. Nxe5 Qxe5 14. Rfe1 Qf6 15. Qc2 g6 16. Re3 Be6 17. Rae1 Rfd8 18. g3 Rd4 19. h4 Kg7 20. Kg2 Rad8 21. Qc3 c5 22. Be4 Rxc4 23. Qxf6+ Kxf6 24. Bxb7 Rb4 25. Rf3+ Kg7 26. Bc6 Rxb2 27. a4 c4 28. Re5 Rc8 29. Bd5 c3 30. Bxe6 fxe6 31. Rxe6 Rc7 32. Rfe3 Rbb7 33. Re1 c2 34. Rc1 Rb1 35. Ree1 1/2-1/2

[Event "Arco op 25th"]
[Site "Arco"]
[Date "2003.10.21"]
[Round "4"]
[White "Perich, Stefano"]
[Black "Del Nevo, Claudio"]
[Result "1/2-1/2"]
[WhiteElo "1984"]
[BlackElo "1743"]
[PlyCount "82"]
[EventDate "2003.10.18"]
[EventType "swiss"]
[EventRounds "9"]
[EventCountry "ITA"]
[SourceTitle "EXT 2004"]
[Source "ChessBase"]
[SourceDate "2003.11.25"]
[SourceVersion "1"]
[SourceVersionDate "2003.11.25"]
[SourceQuality "1"]

1. d4 Nf6 2. Nf3 d6 3. b3 g6 4. Bb2 Bg7 5. Nbd2 c6 6. g3 0-0 7. Bg2 Bg4 8. h3 Bxf3 9. Bxf3 Nbd7 10. c4 Qb6 11. 0-0 d5 12. Qc2 Rac8 13. Rac1 Rfe8 14. Bg2 Nh5 15. e3 e5 16. dxe5 Bxe5 17. Bxe5 Nxe5 18. cxd5 cxd5 19. Qxc8 Rxc8 20. Rxc8+ Kg7 21. Nf3 Qe6 22. Rc7 Qb6 23. Rc2 Nd3 24. Nd4 Nf6 25. Rd2 Nc5 26. Ne2 Nce4 27. Rc2 Qa5 28. Rd1 Qb6 29. Nf4 Qa5 30. Nxd5 Nxd5 31. Bxe4 Nc3 32. Rd4 Nxa2 33. Rd7 Qe1+ 34. Kg2 Nc3 35. Bf3 b5 36. Rxa7 b4 37. Rd7 Qb1 38. Rcd2 Qxb3 39. Bd5 Nxd5 40. R2xd5 Qc4 41. Rd4 Qc6+ 1/2-1/2

[Event "Cesenatico op 8th"]
[Site "Cesenatico"]
[Date "2003.08.31"]
[Round "1"]
[White "Perich, Stefano"]
[Black "Voltolini, Giuseppe"]
[Result "0-1"]
[WhiteElo "1984"]
[BlackElo "2254"]
[PlyCount "78"]
[EventDate "2003.08.31"]
[EventType "swiss"]
[EventRounds "9"]
[EventCountry "ITA"]
[SourceTitle "EXT 2024"]
[Source "ChessBase"]
[SourceDate "2023.10.10"]
[SourceVersion "1"]
[SourceVersionDate "2023.10.10"]
[SourceQuality "1"]

1. d4 d5 2. Nf3 Nc6 3. Bf4 Bg4 4. e3 e6 5. Be2 Bd6 6. Bg3 Nf6 7. 0-0 Bxg3 8. hxg3 0-0 9. Nbd2 Bxf3 10. gxf3 e5 11. dxe5 Nxe5 12. f4 Ned7 13. Nb3 c6 14. Kg2 Qe7 15. Rh1 Rfd8 16. Bd3 c5 17. Nd2 Nf8 18. c3 Ne4 19. Rh5 g6 20. Rh4 Rab8 21. Qc2 Nxd2 22. Qxd2 b5 23. f5 b4 24. cxb4 c4 25. Be2 Qxb4 26. Rd4 Qxb2 27. Qxb2 Rxb2 28. Bxc4 Re8 29. Rxd5 Rxe3 30. fxg6 hxg6 31. a4 Rc3 32. Bb5 Rcc2 33. Rf1 Kg7 34. Rd8 Nh7 35. Ra8 Nf6 36. Kf3 Rc3+ 37. Kf4 Rb4+ 38. Ke5 Re4+ 39. Kd6 Re6# 0-1

[Event "Cesenatico op 8th"]
[Site "Cesenatico"]
[Date "2003.??.??"]
[Round "9"]
[White "Perich, Stefano"]
[Black "Welker, Michael"]
[Result "0-1"]
[WhiteElo "1980"]
[BlackElo "2150"]
[PlyCount "78"]
[EventDate "2003.09.??"]
[EventType "swiss"]
[EventRounds "9"]
[EventCountry "ITA"]
[SourceTitle "EXT 2007"]
[Source "ChessBase"]
[SourceDate "2006.11.23"]
[SourceVersion "1"]
[SourceVersionDate "2006.11.23"]
[SourceQuality "1"]

1. d4 d5 2. Nf3 Bf5 3. c4 e6 4. Nc3 Nc6 5. Bf4 Nf6 6. e3 Nb4 7. Rc1 dxc4 8. Bxc4 c6 9. h3 Nbd5 10. Bh2 Nxc3 11. bxc3 Ba3 12. 0-0 Bxc1 13. Qxc1 0-0 14. g4 Bg6 15. Ne5 Qa5 16. Qb2 Nd5 17. Rc1 Nb6 18. Bb3 Rad8 19. h4 Nd7 20. Nc4 Qa6 21. Bc7 Rc8 22. Bd6 b5 23. Nd2 Rfe8 24. e4 h5 25. g5 c5 26. Bf4 cxd4 27. cxd4 Rxc1+ 28. Qxc1 Rc8 29. Qf1 Qa3 30. Qxb5 Qc1+ 31. Qf1 Bxe4 32. Qxc1 Rxc1+ 33. Kh2 Rh1+ 34. Kg3 Bf5 35. f3 Nb6 36. Kg2 Rxh4 37. Bg3 Rxd4 38. Nf1 Rd7 39. Kf2 Nd5 0-1

[Event "Cesenatico op 5th"]
[Site "Cesenatico"]
[Date "2000.09.10"]
[Round "9"]
[White "Di Lazzaro, Gabriele"]
[Black "Perich, Stefano"]
[Result "1-0"]
[WhiteElo "2015"]
[BlackElo "2043"]
[PlyCount "43"]
[EventDate "2000.09.03"]
[EventType "swiss"]
[EventRounds "9"]
[EventCountry "ITA"]
[SourceTitle "CBM 078 Extra"]
[Source "ChessBase"]
[SourceDate "2000.11.10"]
[SourceVersion "1"]
[SourceVersionDate "2000.11.10"]
[SourceQuality "1"]

1. e4 g6 2. d4 Bg7 3. Nc3 d6 4. Be3 c6 5. Qd2 b5 6. Bd3 Nd7 7. Nge2 Nb6 8. f3 Nc4 9. Bxc4 bxc4 10. 0-0 Nf6 11. Bh6 0-0 12. Bxg7 Kxg7 13. Ng3 Qa5 14. f4 e6 15. f5 c5 16. e5 Nd7 17. f6+ Kh8 18. Qh6 Rg8 19. Nce4 Nf8 20. Nxd6 Qc7 21. Nge4 cxd4 22. Ng5 1-0

[Event "Cesenatico op 5th"]
[Site "Cesenatico"]
[Date "2000.09.07"]
[Round "6"]
[White "Perich, Stefano"]
[Black "Schuetzhold, Frank"]
[Result "1/2-1/2"]
[WhiteElo "2043"]
[BlackElo "2128"]
[PlyCount "122"]
[EventDate "2000.09.03"]
[EventType "swiss"]
[EventRounds "9"]
[EventCountry "ITA"]
[SourceTitle "CBM 078 Extra"]
[Source "ChessBase"]
[SourceDate "2000.11.10"]
[SourceVersion "1"]
[SourceVersionDate "2000.11.10"]
[SourceQuality "1"]

1. Nf3 Nf6 2. d4 e6 3. c4 Bb4+ 4. Nc3 c5 5. a3 Bxc3+ 6. bxc3 0-0 7. Qc2 h6 8. e4 d6 9. Bd3 Nc6 10. h3 e5 11. Be3 b6 12. 0-0 Nh5 13. d5 Ne7 14. Kh2 f5 15. Ng1 f4 16. Bd2 Ng6 17. g4 Nf6 18. f3 h5 19. g5 Nh7 20. Be1 Qxg5 21. Qg2 Qxg2+ 22. Kxg2 h4 23. a4 a5 24. Rf2 Rb8 25. Rb2 Rf7 26. Rab1 Rfb7 27. Kh2 Nf6 28. Ne2 Kh7 29. Nc1 Nh5 30. Nb3 Ng3 31. Bf2 Nh8 32. Bf1 Nf7 33. Bg2 Kg6 34. Be1 Kf6 35. Bf2 Ke7 36. Be1 Kd8 37. Bf2 Ng5 38. Nd2 Bd7 39. Ra1 Kc7 40. Be1 Rf8 41. Ra3 Rf6 42. Ra1 Rg6 43. Ra3 Nh7 44. Ra1 Nf6 45. Rc2 Kb8 46. Raa2 Ka7 47. Ra1 Be8 48. Raa2 Rf7 49. Ra1 Rf8 50. Bf2 Rh8 51. Nb3 Ka6 52. Nc1 Rh5 53. Nd3 Rhg5 54. Be1 Rh6 55. Nf2 Bh5 56. Rb2 Rhg6 57. Rab1 Nd7 58. Ng4 Bxg4 59. hxg4 Rh6 60. Bh3 Rh8 61. Kg2 Rb8 1/2-1/2